[Event "Romanian-ch Open 2022"]
[Site "Eforie Nord"]
[Date "2022.02.27"]
[Round "9.17"]
[White "Serban, Cristian-Stefan"]
[Black "Filip, Andrei"]
[Result "1-0"]
[WhiteElo "2090"]
[BlackElo "2216"]
[Annotator "TA"]
[PlyCount "97"]
[EventDate "2022.02.20"]
[EventType "swiss"]
[EventCountry "ROU"]
[SourceTitle "playchess.com"]
[Source "ChessBase"]
[SourceQuality "1"]

{[%evp 13,97,3,12,7,23,25,57,39,39,37,39,53,33,0,23,-8,6,-27,-19,-33,-31,-47,-11,-28,0,0,22,8,47,34,41,37,32,43,140,131,133,80,70,69,56,57,92,59,62,34,44,7,54,42,54,62,57,62,81,38,39,22,39,0,71,78,248,234,245,229,243,211,212,211,212,212,204,200,252,245,1130,1107,1741,1697,1989,1513,5589,4325,29993,29994]} 1. d4 Nf6 2. Nf3 d5 {[%cal Bd7d5,Bd5c4][%mdl 32]} 3. g3 c6 4. Bg2 g6 5. O-O Bg7 6. c4 dxc4 7. a4 O-O {[%cal Oc6c5]} 8. Na3 {D73: Fianchetto Grünfeld: 5 Nf3 .} Be6 9. Ng5 $1 Bg4 {[#]} 10. h3 $146 {White is slightly better.} ({Predecessor:} 10. Nxc4 h6 11. Nf3 Nbd7 12. Nfe5 Nxe5 13. Nxe5 Be6 14. a5 a6 15. e3 Bd5 16. f3 {0-1 (37) Martinez Piqueras,C (2141)-Moreno Trujillo,A (2499) Linares 2015}) 10... Bc8 11. Nxc4 h6 12. Nf3 Be6 13. Qc2 Na6 14. Nce5 Nb4 15. Qc5 a5 16. Be3 Bf5 17. Ne1 {To avoid Nc2} Be4 18. Rd1 Bxg2 19. Kxg2 Ne4 20. Qc1 Qd5 21. f3 Na2 22. Qa1 (22. Qc4 Nd6 23. Qxd5 cxd5 $15) 22... Nd6 (22... Nxg3 $2 23. Kxg3 Nb4 24. f4 $18) 23. Bf2 {Strongly threatening N1d3.} Nc4 24. e4 $16 Qe6 25. N5d3 (25. Qxa2 $2 {[#]} Ne3+ $1 {[%mdl 512]} 26. Bxe3 Qxa2 $19) ({White should try} 25. N1d3 Nxe5 26. Nc5 (26. Nxe5 Rad8 $11) (26. dxe5 Nb4 $16)) 25... Nb4 26. b3 Nxd3 27. Nxd3 Nd6 28. Nc5 Qc8 29. e5 Ne8 30. e6 {Black should prevent Nd7.} (30. d5 $5 {[%cal Rd5c6]}) 30... fxe6 (30... Nc7 $11 {might be stronger.}) 31. Qb1 $14 g5 32. Rfe1 Nc7 33. Qe4 Rf6 34. h4 {White is much more active.} (34. Rc1 $16) 34... gxh4 35. Qxh4 b6 36. Ne4 {[%mdl 1024] White has compensation.} Rf7 (36... Rg6 $1 $11 {keeps the balance.}) 37. Be3 $16 Qf8 $2 {A mistake that costs the game.} (37... Nd5 $2 38. Bxh6 Bxh6 39. Qxh6 $18) (37... e5 $16) 38. Qg4 $18 {aiming for Bxh6.} Kh8 39. Rh1 {Black must now prevent Bc1.} Nd5 40. Bc1 {Threatens to win with Rde1.} Nf6 41. Qg6 {[#] Threatening mate with Ng5.} Nxe4 42. Bxh6 ({But not} 42. Qxe4 Rd8 43. Be3 (43. Qxc6 Rf6 $16) 43... Rd5) 42... Kg8 43. Bxg7 $40 {[%mdl 128] White has strong attack. Really sharp!} ({Don't play} 43. Qxe4 $6 Bxh6 44. Qg6+ Qg7 45. Qxh6 (45. Rxh6 Rf6 $16) 45... Qxh6 46. Rxh6 Rf6 $16) (43. fxe4 $6 Rf6 44. Qg4 Qf7 $16) 43... Qxg7 44. Qxe4 {Hoping for Rh4.} Rf6 $2 (44... Qg5 45. Qxc6 Qd5 46. Qxd5 exd5) 45. Rh4 Rg6 46. Rdh1 Rxg3+ 47. Kf2 Rg2+ 48. Kf1 Ra2 49. Qxe6+ {Weighted Error Value: White=0.13 (very precise) /Black=0.36} 1-0

[Event "Romanian-ch Open 2022"]
[Site "Eforie Nord"]
[Date "2022.02.27"]
[Round "9.19"]
[White "Coicev, Matei-Andrei"]
[Black "Magold, Filip"]
[Result "0-1"]
[WhiteElo "1970"]
[BlackElo "2204"]
[Annotator "TA"]
[PlyCount "48"]
[EventDate "2022.02.20"]
[EventType "swiss"]
[EventCountry "ROU"]
[SourceTitle "playchess.com"]
[Source "ChessBase"]
[SourceQuality "1"]

{[%evp 20,48,28,49,35,49,40,19,20,-25,2,-110,-118,-211,-207,-255,-236,-273,-170,-175,-161,-182,-166,-379,-382,-342,-334,-519,-193,-323,-221]} 1. e4 c5 2. Nf3 d6 3. d4 cxd4 4. Nxd4 Nf6 5. Nc3 a6 6. f3 e6 7. Be3 b5 8. Qd2 Bb7 9. g4 Nfd7 {The main line 9...Nfd7 scores better than 9...h6.} 10. O-O-O Nb6 11. Nb3 N8d7 {B80: Sicilian Scheveningen: 6 g3 and 6 Be3, including English Attack.} 12. Na5 Qc7 13. Nxb7 (13. Bf4 {keeps more tension.} b4 14. Ne2 e5 15. Bg5 h6 16. Bh4) 13... Qxb7 {[#] The position is equal.} 14. a3 $146 (14. Qd4 $142) ({Predecessor:} 14. b3 Be7 15. g5 O-O 16. h4 Rfc8 17. g6 fxg6 18. Bh3 Nf8 19. Ne2 Bf6 20. h5 gxh5 {1-0 (44) Ronka,E (2303)-Erdogdu,M (2396) Chess.com INT 2020}) 14... Be7 $11 15. Bf4 (15. Bg5 $1 $11) 15... Ne5 $17 16. Qd4 {[#]} (16. Bxe5 $17 {keeps fighting.} dxe5 17. Be2) 16... O-O $1 $19 17. Bxe5 dxe5 18. Qxe5 Nc4 19. Bxc4 bxc4 20. Qd4 {[#]} Rab8 $1 {[%mdl 1024] Black has strong compensation.} 21. Na4 (21. Ne2) 21... Rfd8 ({Don't go for} 21... Qb5 $2 22. Qd7 Bg5+ 23. f4 (23. Kb1 $2 Qa5 $19) 23... Bxf4+ 24. Kb1 $19) 22. Qc3 (22. Qxc4 Rdc8 23. Qd3 Qc6 $19) 22... Rdc8 ({Not} 22... Qb5 $2 23. Rxd8+ Rxd8 24. b3 cxb3 25. Qxb3) 23. Qa5 (23. Qd4 $142 Bf6 24. Qd7 (24. e5 $2 Be7 $19) 24... Bxb2+ 25. Kb1) 23... Bd8 $2 (23... c3 24. b4 Qa7) 24. Qb4 (24. Rxd8+ {was necessary.} Rxd8 25. Kb1) 24... Qc6 {White did not feel at home in the position after the opening.  Weighted Error Value: White=0.71/Black=0.34} ({But not} 24... Qxb4 $2 25. Rxd8+ Rxd8 26. axb4) 0-1

[Event "Romanian-ch Open 2022"]
[Site "Eforie Nord"]
[Date "2022.02.27"]
[Round "9.20"]
[White "Tamas, Christian-Arrydan"]
[Black "Cnejev, Vladimir-Alexandru"]
[Result "0-1"]
[WhiteElo "1833"]
[BlackElo "2179"]
[Annotator "TA"]
[PlyCount "64"]
[EventDate "2022.02.20"]
[EventType "swiss"]
[EventCountry "ROU"]
[SourceTitle "playchess.com"]
[Source "ChessBase"]
[SourceQuality "1"]

{[%evp 17,64,0,0,0,0,0,6,0,0,0,0,-8,23,8,31,19,28,0,31,17,30,4,63,59,119,111,124,101,114,0,112,-42,-50,-125,-151,-154,-155,-345,-337,-476,-435,-450,-448,-789,-789,-744,-731,-29993,-29994]} 1. d4 d5 2. Nf3 Nf6 3. g3 e6 4. Bg2 Be7 5. O-O O-O 6. c4 c6 7. Qc2 b6 8. Nbd2 Bb7 9. e4 Na6 10. cxd5 {E06: Closed Catalan: Early deviations.} cxd5 11. e5 Nb4 12. Qb3 {The position is equal.} Nd7 13. a3 Nc6 14. Re1 Rc8 15. Nf1 {[#]} a6 $146 ({Predecessor:} 15... Na5 16. Qe3 Qc7 17. N3d2 Ba6 18. g4 Qc2 19. Qf4 Qg6 20. b4 Nc4 21. Nf3 f6 {0-1 (47) Havanecz,B (2265)-Ankit,R (2462) Budapest 2019}) 16. h4 b5 {[%cal Bb6b5,Bb5b4][%mdl 32]} 17. h5 Qb6 18. Qd3 b4 19. Bg5 a5 (19... h6 $11 20. Bxe7 Nxe7) 20. Bxe7 $14 Ba6 {[#]} (20... Nxe7 $14 21. axb4 (21. Ng5 Nf5 $15) 21... axb4) 21. Qd2 $1 $16 ({Reject} 21. Qb1 $6 Nxe7 22. Ne3 (22. Ng5 g6 $11) 22... h6 $11) 21... Nxe7 22. axb4 axb4 23. N1h2 (23. h6 $16) 23... Rc6 (23... h6 $1 $11) 24. Rxa6 $2 Qxa6 $15 25. Qg5 ({Better is} 25. Bf1 $15 Qb6 26. Bd3) 25... Nf5 $17 26. Bf1 Qb6 27. g4 $2 {This costs White the game.} (27. Bh3 $17) 27... Nxd4 $19 {White must now prevent ...Rc2.} 28. Nxd4 (28. h6 $142 g6 29. Qf4) 28... Qxd4 29. h6 {[%csl Gh6][%cal Rg5g7]} g6 {And now ...Rc2 would win.} 30. Qe7 {[#]} (30. Nf3 $142 Qxb2 31. Bb5) 30... Rc2 $1 31. Re3 Nxe5 32. Nf3 {[#]} Qxe3 $1 {[%mdl 512] Weighted Error Value: White=0.71/Black=0.24 (precise)} 0-1

[Event "Romanian-ch Open 2022"]
[Site "Eforie Nord"]
[Date "2022.02.27"]
[Round "9.21"]
[White "Daianu, Cristian-Clement"]
[Black "Mintau, Andrei-Catalin"]
[Result "1/2-1/2"]
[WhiteElo "2171"]
[BlackElo "2029"]
[Annotator "NA"]
[PlyCount "70"]
[EventDate "2022.02.20"]
[EventType "swiss"]
[EventCountry "ROU"]
[SourceTitle "playchess.com"]
[Source "ChessBase"]
[SourceQuality "1"]
[TimeControl "40/5400+30:900+30"]

1. e4 {[%emt 0:08:29]} d5 {[%emt 0:00:19]} 2. exd5 {[%emt 0:00:22]} Qxd5 {[%emt 0:00:05]} 3. Nc3 {[%emt 0:00:06]} Qa5 {[%emt 0:00:06]} 4. d4 {[%emt 0:00:44]} Nf6 {[%emt 0:00:10]} 5. Nf3 {[%emt 0:00:25]} Bf5 {[%emt 0:00:24]} 6. Bc4 {[%emt 0:01:30]} e6 {[%emt 0:01:36]} 7. Bd2 {[%emt 0:00:18]} Bb4 {[%emt 0:05:27]} 8. Qe2 {[%emt 0:09:40]} c6 {[%emt 0:18:25]} 9. Ne5 {[%emt 0:08:53]} Nd5 {[%emt 0:13:27]} 10. Bxd5 {[%emt 0:17:17]} cxd5 {[%emt 0:00:11]} 11. Qb5+ {[%emt 0:00:13]} Qxb5 {[%emt 0:03:36]} 12. Nxb5 {[%emt 0:03:23]} Bxd2+ {[%emt 0:00:10]} 13. Kxd2 {[%emt 0:00:05]} f6 {[%emt 0:00:07]} 14. g4 {[%emt 0:04:40]} Be4 {[%emt 0:00:40]} 15. f3 {[%emt 0:00:07]} fxe5 {[%emt 0:06:01]} 16. fxe4 {[%emt 0:07:19]} Kd7 {[%emt 0:00:06]} 17. exd5 {[%emt 0:02:57]} exd5 {[%emt 0:02:14]} 18. dxe5 {[%emt 0:02:21]} Nc6 {[%emt 0:00:06]} 19. Rae1 {[%emt 0:00:48]} Rae8 {[%emt 0:00:14]} 20. Nd6 {[%emt 0:09:53]} Rxe5 {[%emt 0:00:07]} 21. Nxb7 {[%emt 0:00:32]} Rb8 {[%emt 0:00:14]} 22. Nc5+ {[%emt 0:00:19]} Kd6 {[%emt 0:00:11]} 23. Nd3 {[%emt 0:02:30]} Re4 {[%emt 0:00:28]} 24. Rxe4 {[%emt 0:07:00]} dxe4 {[%emt 0:00:02]} 25. Nf2 {[%emt 0:00:01]} Rxb2 {[%emt 0:08:00]} 26. Nxe4+ {[%emt 0:00:09]} Kd5 {[%emt 0:00:24]} 27. Kc1 {[%emt 0:04:10]} Rb4 {[%emt 0:00:24]} 28. Nc3+ {[%emt 0:00:35]} Kd4 {[%emt 0:01:44]} 29. a3 {[%emt 0:01:01]} Rc4 {[%emt 0:00:33]} 30. Rd1+ {[%emt 0:02:35]} Kc5 {[%emt 0:03:48]} 31. Rd5+ {[%emt 0:05:03]} Kb6 {[%emt 0:01:18]} 32. Kb2 {[%emt 0:01:04]} Rxg4 {[%emt 0:03:17]} 33. Rh5 {[%emt 0:00:12]} h6 {[%emt 0:00:15]} 34. Nd5+ {[%emt 0:00:23]} Kb7 {[%emt 0:00:06]} 35. Rf5 {[%emt 0:00:52]} Nd4 {[%emt 0:33:45]} 1/2-1/2

[Event "Romanian-ch Open 2022"]
[Site "Eforie Nord"]
[Date "2022.02.27"]
[Round "9.22"]
[White "Doncea, Vladimir"]
[Black "Mazilu, Stefan-Fabian"]
[Result "1-0"]
[WhiteElo "2367"]
[BlackElo "1886"]
[Annotator "TA"]
[PlyCount "67"]
[EventDate "2022.02.20"]
[EventType "swiss"]
[EventCountry "ROU"]
[SourceTitle "playchess.com"]
[Source "ChessBase"]
[SourceQuality "1"]

{[%evp 24,67,44,51,64,56,67,47,68,56,56,56,56,40,37,44,55,26,60,55,46,40,76,39,69,69,66,65,83,13,80,54,73,66,144,14,16,18,18,24,12,17,1033,988,855,829]} 1. c4 Nf6 2. g3 e6 3. Bg2 d5 4. Nf3 Be7 5. d4 O-O 6. Qc2 Nbd7 7. O-O c6 8. Rd1 b6 9. b3 Ba6 10. Nbd2 Rc8 11. e4 dxe4 12. Nxe4 Nxe4 13. Qxe4 Nf6 {E09: Closed Catalan: Main Line: 7 Qc2 c6 8 Nbd2.} 14. Qc2 {[#] White is more active.} Bd6 $146 ({Predecessor:} 14... Qc7 15. Bf4 Bd6 16. Be5 Bxe5 17. dxe5 Nd7 18. Ng5 g6 19. f4 c5 20. Ne4 Rcd8 21. Nd6 {1-0 (38) Iskusnyh,S (2473)-Buchenau,F (2265) Chess.com INT 2022}) 15. Bb2 Qe7 {White is slightly better.} 16. Rac1 Rfd8 17. Ne5 Bb7 18. c5 Bxe5 19. dxe5 Nd5 20. h4 Ba6 21. a3 {Inhibits Nb4.} Rd7 22. b4 h5 23. Rd4 Qd8 24. Qd1 g6 25. Bf3 Rcc7 26. Bxh5 gxh5 (26... bxc5 $11 {keeps the balance.} 27. bxc5 (27. Rxc5 gxh5 28. Qxh5 Ne7 $11) 27... Rb7) 27. Qxh5 $16 Ne7 $1 {[#]} 28. Qg5+ $1 {[%mdl 1024] White has strong compensation.} ({Of course not} 28. cxb6 axb6 29. Qg5+ Kh7 30. Qh5+ Kg8 31. Qg5+ Kh7 32. Qh5+ Kg8 $11) 28... Kf8 {[#]} (28... Kh7 $1 $14 29. cxb6 axb6 30. Qh5+ Kg8 31. Qg5+ Kh7 32. Qh5+ Kg8 33. Qg5+ Kh7) 29. Qh6+ (29. Rd6 $1 $16) 29... Kg8 $11 30. Rg4+ Ng6 31. h5 $36 {[%mdl 2112] Pin. White has the initiative.} Rd1+ 32. Kh2 {Chess con chili.} Qd5 $2 {[%mdl 8192]} 33. Rxd1 $18 Qxd1 34. Rd4 {Weighted Error Value: White=0.21 (precise) /Black=0.21 (precise)} 1-0

[Event "Romanian-ch Open 2022"]
[Site "Eforie Nord"]
[Date "2022.02.27"]
[Round "9.23"]
[White "Patrascu, Catalin-Lucian"]
[Black "Ignat, Matei-Marius"]
[Result "0-1"]
[WhiteElo "2310"]
[BlackElo "2053"]
[Annotator "TA"]
[PlyCount "104"]
[EventDate "2022.02.20"]
[EventType "swiss"]
[EventCountry "ROU"]
[SourceTitle "playchess.com"]
[Source "ChessBase"]
[SourceQuality "1"]

{[%evp 23,104,39,35,0,0,0,0,0,28,0,38,41,68,54,52,61,49,70,97,93,140,100,106,70,115,64,95,70,100,-15,-16,-15,-13,-12,0,0,0,-26,-27,-45,-50,-101,-92,-95,0,-333,-268,-472,0,-94,-62,-89,-31,-228,-207,-535,-606,-603,-591,-560,-520,-514,-545,-777,-752,-731,-554,-1039,-1102,-1147,-1168,-1032,-902,-831,-802,-12837,-10716,-12841,-12841,-12843,-12843,-12846,-12847]} 1. e4 e6 2. d4 d5 3. Nc3 Bb4 4. e5 c5 5. a3 Bxc3+ 6. bxc3 Ne7 7. Qg4 Qc7 8. Qxg7 Rg8 9. Qxh7 cxd4 10. Ne2 {[%cal Bg1e2,Be2g3,Bg3e4][%mdl 32]} dxc3 11. f4 Nbc6 12. Qd3 d4 13. Ng3 {C18: French: 3 Nc3 Bb4: Main line: 7 h4 and 7 Qg4.} Bd7 14. Be2 O-O-O 15. O-O {The position is equal.} Nd5 16. Ne4 {[#]} f6 $146 ({Predecessor:} 16... Be8 17. Rb1 Qe7 18. Nd6+ Rxd6 19. exd6 Qxd6 20. f5 e5 21. f6 Rg6 22. Qh3+ Bd7 {1-0 (43) Cukrowski,F (2133)-Kalvaitis,S (2263) Wroclaw 2012}) 17. exf6 {f7 is the strong threat.} Rdf8 18. Rb1 {[%cal Of4f5]} Nxf6 19. Nc5 b6 20. Nxd7 Qxd7 21. Bf3 Kb8 (21... Nd5 $142) 22. a4 $1 $16 Nd5 23. Qb5 {Strongly threatening a5.} Kc7 24. Qc4 (24. g3 $16) 24... Qd6 25. Re1 {[%cal Oc1a3] Hoping for Ba3!} Rg6 {[%cal Bg8g6,Bg6f6,Bf6f7][%mdl 32]} 26. Re4 ({White should play} 26. Be4 $16 Rh6 27. a5) 26... Qc5 $36 {[%mdl 2048] Black fights for an advantage.} 27. Qd3 Ndb4 ({Much less strong is} 27... Ncb4 28. Qxd4 Nxc2 29. Qxc5+ bxc5 30. Rb5 $16) 28. Rxb4 Qxb4 29. Re1 Rgf6 30. Qe4 Qxa4 31. g4 Qc4 $1 {And now ...b5 would win.} 32. g5 R6f7 {[%cal Oc4d5]} 33. Kg2 e5 (33... b5 $17 {[%cal Od4d3] White must now prevent ...d3!} 34. Qxe6 Qxe6 35. Rxe6 Nb4) 34. g6 $2 {[%mdl 8192]} (34. h4 $1 $11) 34... Rf6 {[%cal Of6g6]} 35. h4 $2 {[#]} (35. Kh1 {keeps fighting.} Qe6 36. g7) 35... exf4 $2 (35... Rxg6+ $1 $19 {[%mdl 512]} 36. Kh2 (36. Qxg6 $2 {perishes.} Rg8 $19) 36... Qe6) 36. g7 (36. h5 $1 $11 {was the only way to keep the balance.} Qc5 37. Kf1) 36... Qg8 $17 37. Bxf4+ $1 Kc8 38. Bg4+ $2 {This bishop pair is nice. Now White is beyond hope.} ({White should try} 38. Bh6 $1 $15 Kb8 39. Qd5 Rxh6 40. Qg5) 38... Kb7 $19 39. gxf8=Q $2 (39. Bh6 Rxh6 40. gxf8=N Qxf8 41. Rf1) 39... Qxg4+ {Black is clearly winning.} 40. Bg3 {White wants to mate with Qb8+.} Qxe4+ (40... Rxf8 41. Qxg4 Rd8 42. Qg7+ Ka6 43. Qc7 Kb5 44. Re6 Nb4 45. Qxd8 Nxc2 46. Qd5+ Ka4 47. Qa2+ Na3 48. Bd6) 41. Rxe4 Rxf8 {[%mdl 4096] Endgame KRB-KRN} 42. h5 a5 {[%cal Ba7a5,Ba5a4,Ba4a3,Ba3a2][%mdl 32]} 43. h6 Rh8 44. Rh4 a4 45. Bd6 b5 {[%cal Bb6b5,Bb5b4][%mdl 32]} 46. Kf3 b4 {[%cal Od4d3] aiming for ...d3!} 47. Ke4 a3 {Threatens to win with ...a2.} 48. Rh1 Kb6 49. Bxb4 Nxb4 50. Kxd4 Rc8 51. h7 a2 52. Rh6+ Nc6+ {Weighted Error Value: White=0.73/Black=0.30} 0-1

[Event "Romanian-ch Open 2022"]
[Site "Eforie Nord"]
[Date "2022.02.27"]
[Round "9.24"]
[White "Antal, Hunor-Zoltan"]
[Black "Ciocani, Iosif"]
[Result "1-0"]
[WhiteElo "2172"]
[BlackElo "1876"]
[Annotator "NA"]
[PlyCount "63"]
[EventDate "2022.02.20"]
[EventType "swiss"]
[EventCountry "ROU"]
[SourceTitle "playchess.com"]
[Source "ChessBase"]
[SourceQuality "1"]
[TimeControl "40/5400+30:900+30"]

1. c4 {[%emt 0:00:03]} e5 {[%emt 0:00:19]} 2. g3 {[%emt 0:00:11]} g6 {[%emt 0:00:06]} 3. Bg2 {[%emt 0:00:06]} Bg7 {[%emt 0:00:08]} 4. Nc3 {[%emt 0:00:05]} Ne7 {[%emt 0:00:14]} 5. Nf3 {[%emt 0:00:19]} O-O {[%emt 0:00:24]} 6. d4 {[%emt 0:02:09]} exd4 {[%emt 0:02:38]} 7. Nxd4 {[%emt 0:00:25]} Nbc6 {[%emt 0:00:21]} 8. Nc2 {[%emt 0:06:51]} d6 {[%emt 0:03:33]} 9. O-O {[%emt 0:02:59]} Be6 {[%emt 0:01:03]} 10. Nd5 {[%emt 0:02:01]} Ne5 {[%emt 0:03:13]} 11. Nd4 {[%emt 0:10:08]} N7c6 {[%emt 0:40:03]} 12. Nxe6 {[%emt 0:09:16]} fxe6 {[%emt 0:00:10]} 13. Nf4 {[%emt 0:00:51]} Re8 {[%emt 0:01:51]} 14. Bd2 {[%emt 0:07:02]} Nd7 {[%emt 0:04:02]} 15. h4 {[%emt 0:04:45]} Nc5 {[%emt 0:03:49]} 16. h5 {[%emt 0:03:54]} e5 {[%emt 0:09:24]} 17. Nd5 {[%emt 0:14:00]} a5 {[%emt 0:09:14]} 18. hxg6 {[%emt 0:02:50]} hxg6 {[%emt 0:00:11]} 19. Bh3 {[%emt 0:10:30]} Rf8 {[%emt 0:02:11]} 20. Qc2 {[%emt 0:03:30]} e4 {[%emt 0:01:50]} 21. Be3 {[%emt 0:00:49]} Nd4 {[%emt 0:02:30]} 22. Qd2 {[%emt 0:00:36]} Nf5 {[%emt 0:01:09]} 23. Bg5 {[%emt 0:04:23]} Qd7 {[%emt 0:01:41]} 24. Ne7+ {[%emt 0:01:44]} Kh7 {[%emt 0:00:43]} 25. Kg2 {[%emt 0:02:15]} Bf6 {[%emt 0:08:55]} 26. Rh1 {[%emt 0:00:30]} Kg7 {[%emt 0:00:27]} 27. Bxf5 {[%emt 0:00:32]} gxf5 {[%emt 0:00:06]} 28. Bxf6+ {[%emt 0:00:42]} Rxf6 {[%emt 0:00:46]} 29. Qg5+ {[%emt 0:00:16]} Kf7 {[%emt 0:00:04]} 30. Nd5 {[%emt 0:00:36]} Qd8 {[%emt 0:00:34]} 31. Rh7+ {[%emt 0:00:33]} Ke6 {[%emt 0:00:05]} 32. Nxf6 {[%emt 0:01:05]} 1-0

[Event "Romanian-ch Open 2022"]
[Site "Eforie Nord"]
[Date "2022.02.27"]
[Round "9.25"]
[White "Butolo, Alexandru-Mircea"]
[Black "Andronescu, Madalin"]
[Result "0-1"]
[WhiteElo "1850"]
[BlackElo "2122"]
[Annotator "NA"]
[PlyCount "66"]
[EventDate "2022.02.20"]
[EventType "swiss"]
[EventCountry "ROU"]
[SourceTitle "playchess.com"]
[Source "ChessBase"]
[SourceQuality "1"]
[TimeControl "40/5400+30:900+30"]

1. e4 {[%emt 0:00:03]} c5 {[%emt 0:00:10]} 2. Nf3 {[%emt 0:00:04]} d6 {[%emt 0:00:05]} 3. d4 {[%emt 0:00:03]} cxd4 {[%emt 0:00:05]} 4. Nxd4 {[%emt 0:00:02]} Nf6 {[%emt 0:00:22]} 5. Nc3 {[%emt 0:00:06]} a6 {[%emt 0:00:25]} 6. Bg5 {[%emt 0:00:05]} e6 {[%emt 0:00:05]} 7. f4 {[%emt 0:00:06]} h6 {[%emt 0:02:37]} 8. Bh4 {[%emt 0:00:04]} Qb6 {[%emt 0:00:05]} 9. Qd2 {[%emt 0:00:27]} Qxb2 {[%emt 0:00:07]} 10. Rb1 {[%emt 0:00:02]} Qa3 {[%emt 0:00:08]} 11. f5 {[%emt 0:00:55]} Nc6 {[%emt 0:02:56]} 12. fxe6 {[%emt 0:01:15]} fxe6 {[%emt 0:00:07]} 13. Nxc6 {[%emt 0:03:52]} bxc6 {[%emt 0:00:10]} 14. Be2 {[%emt 0:15:48]} g5 {[%emt 0:11:15]} 15. Bf2 {[%emt 0:03:10]} Nd7 {[%emt 0:14:06]} 16. Bh5+ {[%emt 0:10:28]} Kd8 {[%emt 0:00:08]} 17. Bg4 {[%emt 0:04:32]} Bg7 {[%emt 0:17:37]} 18. Rb3 {[%emt 0:02:37]} Qa5 {[%emt 0:00:27]} 19. O-O {[%emt 0:07:55]} Be5 {[%emt 0:05:37]} 20. Bd4 {[%emt 0:06:56]} Bxd4+ {[%emt 0:03:13]} 21. Qxd4 {[%emt 0:00:03]} Qc5 {[%emt 0:00:06]} 22. Ne2 {[%emt 0:02:16]} e5 {[%emt 0:00:39]} 23. Qe3 {[%emt 0:01:15]} Qxe3+ {[%emt 0:00:58]} 24. Rxe3 {[%emt 0:00:03]} Rf8 {[%emt 0:00:52]} 25. Ng3 {[%emt 0:01:03]} Rxf1+ {[%emt 0:02:27]} 26. Kxf1 {[%emt 0:00:03]} Rb8 {[%emt 0:00:43]} 27. Be6 {[%emt 0:05:34]} Ke7 {[%emt 0:13:29]} 28. Bb3 {[%emt 0:01:32]} Nc5 {[%emt 0:01:36]} 29. Rf3 {[%emt 0:01:53]} Be6 {[%emt 0:04:45]} 30. Bxe6 {[%emt 0:00:38]} Kxe6 {[%emt 0:00:06]} 31. Rc3 {[%emt 0:03:51]} Rb4 {[%emt 0:00:39]} 32. a3 {[%emt 0:00:15]} Rd4 {[%emt 0:00:58]} 33. Kf2 {[%emt 0:01:30]} Rxe4 {[%emt 0:00:15]} 0-1

[Event "Romanian-ch Open 2022"]
[Site "Eforie Nord"]
[Date "2022.02.27"]
[Round "9.26"]
[White "Negrean, Andrei"]
[Black "Tudor, Henry Edward"]
[Result "0-1"]
[WhiteElo "1941"]
[BlackElo "1879"]
[Annotator "NA"]
[PlyCount "108"]
[EventDate "2022.02.20"]
[EventType "swiss"]
[EventCountry "ROU"]
[SourceTitle "playchess.com"]
[Source "ChessBase"]
[SourceQuality "1"]
[TimeControl "40/5400+30:900+30"]

1. e4 {[%emt 0:00:10]} c5 {[%emt 0:00:07]} 2. Nf3 {[%emt 0:00:11]} Nc6 {[%emt 0:00:08]} 3. Bb5 {[%emt 0:00:26]} e6 {[%emt 0:00:10]} 4. Bxc6 {[%emt 0:06:29]} bxc6 {[%emt 0:00:06]} 5. O-O {[%emt 0:05:33]} Ne7 {[%emt 0:01:58]} 6. Nc3 {[%emt 0:08:34]} Ng6 {[%emt 0:00:30]} 7. d3 {[%emt 0:07:03]} d5 {[%emt 0:02:03]} 8. Na4 {[%emt 0:12:08]} Bd7 {[%emt 0:16:44]} 9. c4 {[%emt 0:05:54]} e5 {[%emt 0:02:51]} 10. h3 {[%emt 0:12:48]} d4 {[%emt 0:02:20]} 11. Qe1 {[%emt 0:13:56]} Bd6 {[%emt 0:03:19]} 12. b3 {[%emt 0:07:59]} h6 {[%emt 0:02:41]} 13. Kh1 {[%emt 0:09:07]} Nf8 {[%emt 0:03:43]} 14. Ng1 {[%emt 0:02:02]} g5 {[%emt 0:02:17]} 15. f3 {[%emt 0:01:15]} Ng6 {[%emt 0:01:33]} 16. Ne2 {[%emt 0:03:37]} Nf4 {[%emt 0:05:43]} 17. Nxf4 {[%emt 0:01:03]} gxf4 {[%emt 0:00:01]} 18. Ba3 {[%emt 0:00:38]} Qe7 {[%emt 0:00:48]} 19. Rd1 {[%emt 0:00:34]} Rg8 {[%emt 0:00:40]} 20. Rd2 {[%emt 0:00:30]} Rg3 {[%emt 0:00:26]} 21. Qf2 {[%emt 0:00:31]} Qh4 {[%emt 0:01:06]} 22. Qg1 {[%emt 0:00:28]} Bxh3 {[%emt 0:04:07]} 23. Qh2 {[%emt 0:00:30]} O-O-O {[%emt 0:00:28]} 24. Rff2 {[%emt 0:00:31]} Bxg2+ {[%emt 0:01:51]} 25. Rxg2 {[%emt 0:00:23]} Rh3 {[%emt 0:00:01]} 26. Rdf2 {[%emt 0:00:29]} Rxh2+ {[%emt 0:03:35]} 27. Rxh2 {[%emt 0:00:01]} Qg3 {[%emt 0:00:01]} 28. Rhg2 {[%emt 0:00:44]} Qh3+ {[%emt 0:00:06]} 29. Rh2 {[%emt 0:00:33]} Qe6 {[%emt 0:00:04]} 30. Rfg2 {[%emt 0:00:26]} f5 {[%emt 0:00:28]} 31. Bxc5 {[%emt 0:00:43]} Bxc5 {[%emt 0:00:35]} 32. Nxc5 {[%emt 0:00:06]} Qd6 {[%emt 0:00:18]} 33. b4 {[%emt 0:00:21]} fxe4 {[%emt 0:00:19]} 34. dxe4 {[%emt 0:01:15]} d3 {[%emt 0:00:35]} 35. Rd2 {[%emt 0:00:26]} Qd4 {[%emt 0:00:14]} 36. Rhf2 {[%emt 0:00:34]} Qxc4 {[%emt 0:00:26]} 37. Kh2 {[%emt 0:00:31]} Qxb4 {[%emt 0:00:25]} 38. Nb3 {[%emt 0:00:26]} c5 {[%emt 0:00:20]} 39. Rb2 {[%emt 0:00:23]} Qe1 {[%emt 0:00:56]} 40. Rbd2 {[%emt 0:00:00]} c4 {[%emt 0:00:00]} 41. Nc5 {[%emt 0:01:52]} c3 {[%emt 0:02:39]} 42. Nxd3 {[%emt 0:00:08]} Rxd3 {[%emt 0:00:01]} 43. Rde2 {[%emt 0:00:12]} Qxe2 {[%emt 0:00:21]} 44. Rxe2 {[%emt 0:00:05]} Rd2 {[%emt 0:00:02]} 45. Rg2 {[%emt 0:00:12]} Rxg2+ {[%emt 0:00:02]} 46. Kxg2 {[%emt 0:00:06]} c2 {[%emt 0:00:03]} 47. Kh3 {[%emt 0:00:04]} c1=Q {[%emt 0:00:02]} 48. Kg4 {[%emt 0:00:12]} Kd7 {[%emt 0:00:37]} 49. Kf5 {[%emt 0:00:06]} Kd6 {[%emt 0:00:06]} 50. Kf6 {[%emt 0:00:09]} Qg1 {[%emt 0:00:08]} 51. Kf7 {[%emt 0:00:06]} Qg5 {[%emt 0:00:01]} 52. a4 {[%emt 0:00:06]} a5 {[%emt 0:00:09]} 53. Kf8 {[%emt 0:00:07]} Ke6 {[%emt 0:00:08]} 54. Ke8 {[%emt 0:00:04]} Qg8# {[%emt 0:00:02]} 0-1